000 00725nam a2200289Ia 4500
005 20260324114846.0
008 008 260324s9999 xx 000 0 eng d
020 _a9780429203329
037 _aEBOOK
040 _aCRL
040 _beng
040 _cCRL
041 _2eng
041 _aeng
084 _qCRL
100 _aArthur P Cracknell; Costas A Varotsos
_91152431
245 0 _aUnderstanding Global Climate Change
245 0 _bModelling the Climatic System and Human Impacts
260 _bTaylor and Francis
260 _c2021
365 _a
365 _b355
856 _uhttp://www.taylorfrancis.com/books/9780429203329
942 _cEBOOK
999 _c1742867
_d1742867